| 000 | 00864nam a2200241Ia 4500 | ||
|---|---|---|---|
| 001 | 18807 | ||
| 005 | 20260416165314.0 | ||
| 008 | 260306s9999||||xx |||||||||||||| ||und|| | ||
| 020 | _a9786073221221 | ||
| 041 | _aESP | ||
| 082 |
_a658.5 _bK79 2013 |
||
| 100 |
_aKrajewski, Lee J., _eAUT |
||
| 245 | 0 |
_aAdministración de operaciones : _bprocesos y cadena de suministro |
|
| 260 |
_c2013 _aCiudad de México : _bPearson Educación de México, |
||
| 300 |
_axix, 636 páginas : _c27 cm. _bIlustraciones, tablas ; |
||
| 650 | _aTCA | ||
| 653 | _aAdministración de procesos; Administración de la cadena de suministro | ||
| 654 | _aCAN | ||
| 700 |
_aRitzman, Larry P. _eAUT |
||
| 700 |
_aMalhotra, Manoj K. _eAUT |
||
| 856 |
_uhttps://itmsp.museknowledge.com/UCSP?url=https://www.ebooks7-24.com:443/?il=3670&pg=1 _zVersión digital |
||
| 942 |
_cLIB _dJUS _fMAT _2ddc |
||
| 999 |
_c18807 _d18807 |
||